| 000 | 00349nam a2200145 a 4500 | ||
|---|---|---|---|
| 001 | 2361 | ||
| 003 | CDMR | ||
| 005 | 20130116135229.0 | ||
| 008 | 130130s1996||||||||||||||||||||||||||||d | ||
| 040 |
_aCDMR _bcat _cCDMR |
||
| 100 | 1 |
_aManresa, Kim _9233 |
|
| 245 | 1 | 3 |
_aLa sombra del toro _cMANRESA, Kim |
| 260 |
_aBarcelona _c1996 _bFocal, A.C. |
||
| 942 | _cMON | ||
| 999 |
_c2361 _d2361 |
||